Novelas escogidas / (Record no. 134212)

MARC details
000 -LEADER
campo de control de longitud fija 00835nam a2200217 i 4500
001 - NÚMERO DE CONTROL
campo de control 134212
003 - IDENTIFICADOR DE NÚMERO DE CONTROL
campo de control ES-MaACL
005 - FECHA Y HORA DE LA ÚLTIMA TRANSACCIÓN
campo de control 20230906194626.0
007 - CAMPO FIJO DE DESCRIPCIÓN FÍSICA--INFORMACIÓN GENERAL
campo de control de longitud fija t|
008 - DATOS DE LONGITUD FIJA--INFORMACIÓN GENERAL
campo de control de longitud fija 070906s1962 sp |||| | spa d
080 ## - NÚMERO DE LA CLASIFICACIÓN DECIMAL UNIVERSAL
Número de la Clasificación Decimal Universal 82-311.3"19"
100 1# - ENTRADA PRINCIPAL--NOMBRE DE PERSONA
Nombre de persona Wheatley, Dennis.
9 (RLIN) 116613
245 10 - MENCIÓN DEL TÍTULO
Título Novelas escogidas /
Mención de responsabilidad, etc. Dennis Wheatley ; [trad. del inglés por Mª del Carmen Márquez y Mª de la Paz Ordoñez] ; prólogo de Salvador Bordoy Luque.
260 ## - PUBLICACIÓN, DISTRIBUCIÓN, ETC.
Lugar de publicación, distribución, etc. Madrid :
Nombre del editor, distribuidor, etc. Aguilar,
Fecha de publicación, distribución, etc. [1962]
300 ## - DESCRIPCIÓN FÍSICA
Extensión 1140 p., 1 retr. autor ;
Dimensiones 17 cm.
505 8# - NOTA DE CONTENIDO CON FORMATO
Nota de contenido con formato Contiene: La espada del destino ; El talismán de Set ; El valle fabuloso ; El continente perdido
700 1# - ENTRADA AGREGADA--NOMBRE PERSONAL
Nombre de persona Ordóñez, María de la Paz.
9 (RLIN) 87192
700 1# - ENTRADA AGREGADA--NOMBRE PERSONAL
Nombre de persona Bordoy Luque, Salvador.
9 (RLIN) 30424
700 1# - ENTRADA AGREGADA--NOMBRE PERSONAL
Nombre de persona Márquez Odriozola, María del Carmen.
9 (RLIN) 77030
852 ## - LOCALIZACIÓN
Ubicación ES-MaACL
Número de control de estantería C-23717
Holdings
Estatus retirado Estado de pérdida Estado de daño No para préstamo Biblioteca de origen Biblioteca actual Ubicación en estantería Fecha de adquisición Fuente de adquisición Total de préstamos Signatura topográfica completa Código de barras Visto por última vez Precio de reemplazo Tipo de ítem Koha
        Biblioteca del Ateneo de Madrid Biblioteca del Ateneo de Madrid Depósito 2 17/01/2008     C-23717 1139705 23/02/2023 23/02/2023 Libro impreso